[Event "European Rapid 2022"]
[Site "Katowice POL"]
[Date "2022.12.18"]
[Round "9.73"]
[White "Chiszko, Oskar"]
[Black "Garcia Martin, Marta"]
[Result "0-1"]
[BlackTitle "IM"]
[WhiteElo "1657"]
[BlackElo "2301"]
[WhiteFideId "21894353"]
[BlackFideId "32084030"]
[EventDate "2022.12.17"]

1. d4 d5 2. c4 e6 3. Nc3 Bb4 4. f3 dxc4 5. a3 Ba5 6. e3 b5 7. Ne2 a6 8. Ng3 Nf6
9. Be2 Bb7 10. O-O Bb6 11. Nge4 Nbd7 12. Qc2 O-O 13. Bd2 c5 14. dxc5 Nxc5 15.
Nxc5 Bxc5 16. Kh1 Qb6 17. e4 Be3 18. Be1 Rad8 19. Nd1 Bd4 20. Bc3 Nd7 21. Bxd4
Qxd4 22. Nc3 Nc5 23. Rad1 Qe3 24. Rfe1 Qg5 25. Bf1 h5 26. Qf2 h4 27. f4 Qe7 28.
Qe3 g6 29. Be2 Bc6 30. e5 a5 31. Bf3 Bxf3 32. gxf3 b4 33. axb4 axb4 34. Ne4 Nxe4
35. fxe4 Rxd1 36. Rxd1 Rd8 37. Rc1 Qc7 38. Qe2 Rd4 39. Qe3 Qd8 40. Rc2 b3 41.
Re2 Rd1+ 42. Kg2 Rd3 43. Qf2 h3+ 44. Kg1 Rd1+ 45. Re1 Rxe1+ 46. Qxe1 Qd4+ 47.
Kf1 Qxb2 48. Qa5 Qg2+ 49. Ke1 Qxe4+ 50. Kd1 Qf3+ 51. Ke1 Qxf4 52. Kd1 Kg7 53.
Ke2 b2 0-1

[Event "European Rapid 2022"]
[Site "Katowice POL"]
[Date "2022.12.18"]
[Round "9.74"]
[White "Vogel, Roven"]
[Black "Lecki, Leonard"]
[Result "1-0"]
[WhiteTitle "IM"]
[WhiteElo "2463"]
[BlackElo "1781"]
[WhiteFideId "12908088"]
[BlackFideId "21041067"]
[EventDate "2022.12.17"]

1. d4 d5 2. c4 c6 3. Nf3 Nf6 4. Nc3 e6 5. g3 dxc4 6. Bg2 Nbd7 7. e4 Be7 8. a4 a5
9. O-O O-O 10. Qe2 Nb6 11. Rd1 Bb4 12. Ne5 Qe7 13. Bf4 c5 14. d5 Bxc3 15. d6 Qd8
16. bxc3 Bd7 17. Bg5 Bxa4 18. Ng4 Bxd1 19. Rxd1 Nbd7 20. e5 h6 21. Nxh6+ gxh6
22. Bh4 Kg7 23. Bxb7 Rb8 24. Bc6 Rg8 25. Bxd7 Qxd7 26. Bxf6+ Kh7 27. Qxc4 Rbc8
28. Qe4+ Rg6 29. Rb1 Rd8 30. Rb7 Qe8 31. Bxd8 Kg8 32. Bf6 Rxf6 33. exf6 Kf8 34.
Qh7 1-0

[Event "European Rapid 2022"]
[Site "Katowice POL"]
[Date "2022.12.18"]
[Round "9.75"]
[White "De Filomeno, Simone"]
[Black "Krivenko, Dion"]
[Result "1/2-1/2"]
[WhiteTitle "IM"]
[WhiteElo "2450"]
[BlackElo "2141"]
[WhiteFideId "828688"]
[BlackFideId "4508378"]
[EventDate "2022.12.17"]

1. d4 Nf6 2. c4 g6 3. Nf3 Bg7 4. g3 O-O 5. Bg2 d6 6. O-O Nbd7 7. Nc3 e5 8. b3
Re8 9. e4 exd4 10. Nxd4 Nc5 11. Re1 c6 12. h3 a5 13. Bf4 h6 14. g4 Be6 15. Rc1
Bf8 16. Rc2 Nfd7 17. Rd2 Qc7 18. Bg3 Nb6 19. f4 Rad8 20. Qf3 Bg7 21. Kh1 Bxc4
22. bxc4 Nxc4 23. Rdd1 Nb2 24. h4 Nxd1 25. Rxd1 Qb6 26. Rb1 Qc7 27. Qd1 b5 28.
a3 Rb8 29. e5 dxe5 30. Nxc6 exf4 31. Nd5 Qxc6 32. Ne7+ Rxe7 33. Bxc6 Rc8 34.
Bxf4 Rxc6 35. Qd8+ Bf8 36. Bxh6 Ne6 37. Qa8 Rec7 38. Bxf8 Nxf8 39. Qxa5 Rc3 40.
Re1 Ne6 41. Rxe6 fxe6 42. Qxb5 Rc1+ 43. Kg2 R7c2+ 44. Kf3 Rc3+ 45. Ke4 Rc4+ 46.
Kd3 R1c3+ 47. Kd2 Rc2+ 48. Kd3 R2c3+ 1/2-1/2

[Event "European Rapid 2022"]
[Site "Katowice POL"]
[Date "2022.12.18"]
[Round "9.76"]
[White "Tazbir, Marcin"]
[Black "Galuszka, Tomasz"]
[Result "1/2-1/2"]
[WhiteTitle "GM"]
[WhiteElo "2508"]
[BlackElo "2184"]
[WhiteFideId "1122452"]
[BlackFideId "21816409"]
[EventDate "2022.12.17"]

1. e4 c6 2. Nf3 d5 3. d3 dxe4 4. dxe4 Qxd1+ 5. Kxd1 g6 6. a4 Bg7 7. a5 f5 8.
Nbd2 Nf6 9. Bd3 Na6 10. exf5 Nb4 11. fxg6 Nxd3 12. cxd3 hxg6 13. Ke2 Nd5 14. Nc4
Bg4 15. h3 O-O-O 16. Be3 Bxf3+ 17. Kxf3 Nxe3 18. Kxe3 Rh5 19. Rab1 Kc7 20. Ke2
Rhd5 21. Rhd1 Bd4 22. b4 Rg5 23. g4 Rh8 24. Rh1 Bc3 25. Rb3 Bd4 26. f3 b5 27.
axb6+ axb6 28. Kf1 Ra8 29. Kg2 Ra2+ 30. Kg3 b5 31. Na5 Re5 32. Rh2 Rxh2 33. Kxh2
Re2+ 34. Kg3 g5 35. f4 Re3+ 36. Kg2 Re2+ 37. Kg3 Re3+ 38. Kg2 Re2+ 39. Kf3 Re3+
40. Kg2 Re2+ 1/2-1/2

[Event "European Rapid 2022"]
[Site "Katowice POL"]
[Date "2022.12.18"]
[Round "9.77"]
[White "Hjartarson, Johann"]
[Black "Bouska, Jiri"]
[Result "1-0"]
[WhiteTitle "GM"]
[WhiteElo "2476"]
[BlackElo "2238"]
[WhiteFideId "2300044"]
[BlackFideId "23722223"]
[EventDate "2022.12.17"]

1. e4 c5 2. Nf3 Nc6 3. d4 cxd4 4. Nxd4 g6 5. c4 Nf6 6. Nc3 d6 7. Be2 Nxd4 8.
Qxd4 Bg7 9. Be3 O-O 10. Qd2 a5 11. f3 a4 12. Rc1 Qa5 13. Kf2 Be6 14. Rhd1 Rfc8
15. Nb5 Qxd2 16. Rxd2 Nd7 17. Nd4 Nc5 18. Nxe6 fxe6 19. Rcc2 Be5 20. g3 h5 21.
Bf1 h4 22. Bh3 hxg3+ 23. hxg3 Kf7 24. Kg2 Bf6 25. Rd1 Na6 26. a3 b5 27. Rdc1
Rab8 28. f4 bxc4 29. e5 dxe5 30. fxe5 Bxe5 31. Rf2+ Bf6 32. Bd4 Rc6 33. Rcf1 Kg7
34. Rxf6 exf6 35. Rxf6 Kh6 36. Bxe6 Rd6 37. Be5 Rd2+ 38. Kh3 Rbxb2 39. Bf4+ Kg7
40. Rf7+ Kg8 41. Ra7+ Kf8 42. Bxd2 Rxd2 43. Rxa6 c3 44. Rc6 c2 45. Rc7 Rd3 46.
Rxc2 Rxa3 47. Rc7 Re3 48. Bg4 Ra3 49. Ra7 Ra1 50. Be6 Re1 51. Bc4 Ra1 52. Kg4
Ra3 53. Kf4 Ra1 54. Kg5 a3 55. g4 Rc1 56. Be6 Re1 57. Kf6 Rf1+ 58. Kxg6 Re1 59.
Kf6 Rf1+ 60. Bf5 Re1 61. Ra8+ Re8 62. Rxe8+ Kxe8 63. Be6 Kf8 64. g5 Ke8 65. g6
Kd8 66. g7 1-0

[Event "European Rapid 2022"]
[Site "Katowice POL"]
[Date "2022.12.18"]
[Round "9.78"]
[White "Gaehwiler, Gabriel"]
[Black "Rozman, Monika"]
[Result "1-0"]
[WhiteTitle "IM"]
[BlackTitle "WFM"]
[WhiteElo "2408"]
[BlackElo "2125"]
[WhiteFideId "1314530"]
[BlackFideId "14609118"]
[EventDate "2022.12.17"]

1. Nf3 d5 2. d4 Nf6 3. c4 c6 4. Nc3 dxc4 5. a4 Bf5 6. Ne5 e6 7. f3 Bb4 8. Nxc4
O-O 9. Kf2 Bg6 10. e4 Nbd7 11. Be3 a5 12. Na2 Be7 13. Be2 b5 14. Na3 b4 15. Nc4
c5 16. Nc1 cxd4 17. Bxd4 Qb8 18. Nb3 Rd8 19. Qc1 Rc8 20. Qe1 Qf4 21. Kg1 h5 22.
h4 Rxc4 23. Bxc4 Ne5 24. Be2 Rd8 25. Qc1 Qxc1+ 26. Rxc1 Ned7 27. Nxa5 Nf8 28.
Nc6 Rd7 29. Nxe7+ Rxe7 30. Rc8 Nd7 31. a5 e5 32. Be3 f5 33. exf5 Bxf5 34. a6 Nb6
35. Rb8 Nc8 36. Rxb4 Ne6 37. Bc4 Kh7 38. Kf2 Nd4 39. Bxd4 exd4 40. Rd1 Rd7 41.
Bd3 Bxd3 42. Rxd3 Ra7 43. Ra3 Nd6 44. Ke2 d3+ 45. Kxd3 g6 46. Kd4 Kh6 47. Kc5
Nb5 48. Kxb5 Kh7 49. Kb6 Rf7 50. a7 Rf6+ 51. Kb5 Rf5+ 52. Kc4 1-0

[Event "European Rapid 2022"]
[Site "Katowice POL"]
[Date "2022.12.18"]
[Round "9.79"]
[White "Niccoli, Tony"]
[Black "Gunnarsson, Arnar"]
[Result "0-1"]
[BlackTitle "IM"]
[WhiteElo "2027"]
[BlackElo "2406"]
[WhiteFideId "432946"]
[BlackFideId "2300915"]
[EventDate "2022.12.17"]

1. e4 e5 2. Nf3 d5 3. exd5 Bd6 4. d4 e4 5. Ne5 Nf6 6. Bb5+ Bd7 7. Qe2 O-O 8. Bg5
Bxb5 9. Qxb5 Bxe5 10. dxe5 Qxd5 11. Nc3 Qxb5 12. Nxb5 Nd5 13. O-O-O a6 14. Rxd5
axb5 15. Rxb5 Rxa2 16. Kb1 Ra7 17. Rb4 Nc6 18. Rd1 Nxb4 0-1

[Event "European Rapid 2022"]
[Site "Katowice POL"]
[Date "2022.12.18"]
[Round "9.80"]
[White "Batsiashvili, Nino"]
[Black "Lewandowski, Rafal"]
[Result "1-0"]
[WhiteTitle "GM"]
[WhiteElo "2493"]
[BlackElo "2183"]
[WhiteFideId "13602993"]
[BlackFideId "1111981"]
[EventDate "2022.12.17"]

1. d4 d5 2. Nf3 e6 3. Bf4 c5 4. e3 Nc6 5. Nbd2 Nf6 6. c3 Be7 7. Bd3 O-O 8. Qe2
a6 9. Rd1 c4 10. Bb1 Nh5 11. h4 Nxf4 12. exf4 Bd6 13. Ne5 f5 14. Ndf3 Qc7 15. h5
Bxe5 16. fxe5 b5 17. g4 Ne7 18. Nh4 Ra7 19. Qf3 Qd8 20. gxf5 Nxf5 21. Bxf5 exf5
22. Ng6 Re8 23. Nf4 Rf7 24. Rg1 Be6 25. a3 a5 26. Rg3 Qd7 27. Kf1 Rb8 28. Kg2
Kf8 29. Rg1 Ke7 30. Kh2 Rg8 31. Rg5 Kd8 32. R1g3 Kc7 33. Qg2 Kb6 34. Nxe6 Qxe6
35. Rg6 hxg6 36. Rxg6 Qc6 37. Qxd5 Qxg6 38. hxg6 Rh8+ 39. Kg2 Rc7 40. e6 Re8 41.
Qxf5 1-0

[Event "European Rapid 2022"]
[Site "Katowice POL"]
[Date "2022.12.18"]
[Round "9.81"]
[White "Monroy, Charles"]
[Black "Hulka, Valentyn"]
[Result "0-1"]
[WhiteTitle "IM"]
[BlackTitle "CM"]
[WhiteElo "2395"]
[BlackElo "2222"]
[WhiteFideId "621641"]
[BlackFideId "34107061"]
[EventDate "2022.12.17"]

1. Nf3 d5 2. c4 d4 3. b4 Bg4 4. g3 Bxf3 5. exf3 e6 6. a3 a5 7. b5 Nd7 8. d3 Nc5
9. a4 Nf6 10. Bg2 Be7 11. O-O O-O 12. Ra2 c6 13. f4 cxb5 14. axb5 Qc7 15. Qe2
Nfd7 16. Nd2 Nb6 17. Bb2 Rfd8 18. Rfa1 g6 19. h4 h5 20. Ne4 Nb3 21. Re1 Nd7 22.
Ng5 Bb4 23. Rd1 Ndc5 24. Ba3 Bxa3 25. Rxa3 a4 26. Qf3 Qe7 27. Ra2 Kg7 28. Ne4
Nxe4 29. Qxe4 Rd7 30. Rb1 Qb4 31. Qe2 Qc3 32. Rc2 Qb4 33. Ra2 Qc3 34. Ra3 Ra5
35. Qe5+ Kh7 36. Bf1 Qb4 37. Ra2 b6 38. g4 hxg4 39. h5 gxh5 40. Qxh5+ Kg7 41.
Qxg4+ Kf8 42. f5 Qe7 43. Re1 Rd6 44. Qf4 e5 45. Rxe5 Qf6 46. Bg2 a3 47. Bc6 Rd8
48. f3 Nc1 49. Rg2 Nxd3 50. Qg3 Qxe5 51. Qg5 Qe3+ 0-1

[Event "European Rapid 2022"]
[Site "Katowice POL"]
[Date "2022.12.18"]
[Round "9.82"]
[White "Krainski, Aleksander"]
[Black "Uruci, Endrit"]
[Result "0-1"]
[WhiteTitle "FM"]
[BlackTitle "FM"]
[WhiteElo "2046"]
[BlackElo "2297"]
[WhiteFideId "1102400"]
[BlackFideId "22100199"]
[EventDate "2022.12.17"]

1. d4 Nf6 2. Nf3 d5 3. e3 Bf5 4. c4 c6 5. Nc3 e6 6. Be2 Nbd7 7. O-O Bd6 8. Nh4
Be4 9. Nxe4 Nxe4 10. g3 g5 11. Ng2 h5 12. Bxh5 Qf6 13. f4 Qh6 14. g4 Ndf6 15.
cxd5 Nxh5 16. gxh5 exd5 17. fxg5 Qxg5 18. Qf3 Qxh5 19. Qxh5 Rxh5 20. h4 Ke7 21.
Rf3 Rg8 22. Kf1 Bg3 23. b3 Bxh4 24. Rh3 Rf5+ 25. Nf4 Bg3 26. a4 Rf6 27. Ra2 Bxf4
28. exf4 Rfg6 29. Ba3+ Kd7 30. Rah2 Rg1+ 31. Ke2 Ra1 32. Bb2 Rb1 33. Kd3 Rg4 34.
Rf3 Rd1+ 35. Kc2 Rdg1 36. Re2 R1g2 37. Rxg2 Rxg2+ 38. Kc1 Ke6 0-1

[Event "European Rapid 2022"]
[Site "Katowice POL"]
[Date "2022.12.18"]
[Round "9.83"]
[White "Hnatyshyn, Anastasiia"]
[Black "Langheinrich, Ferenc"]
[Result "1-0"]
[BlackTitle "IM"]
[WhiteElo "2090"]
[BlackElo "2381"]
[WhiteFideId "14198339"]
[BlackFideId "4641973"]
[EventDate "2022.12.17"]

1. e4 c5 2. Nf3 b6 3. c4 Bb7 4. d3 e6 5. Nc3 d6 6. g3 Nd7 7. Bg2 Ngf6 8. O-O a6
9. Nd2 Qc7 10. f4 Be7 11. b3 Bc6 12. a4 Rb8 13. Qe2 O-O 14. Bb2 Rbd8 15. g4 g5
16. fxg5 Ne8 17. Nf3 Ne5 18. Nxe5 dxe5 19. h4 Ng7 20. Rad1 f6 21. gxf6 Bxf6 22.
g5 Be7 23. Bh3 Rf4 24. Bg4 Be8 25. Rxf4 exf4 26. e5 Bc6 27. Ne4 Ba8 28. Rf1 b5
29. axb5 axb5 30. Rxf4 bxc4 31. bxc4 Rb8 32. Rf2 Kh8 33. Qf3 Qd8 34. Qe3 Bc6 35.
Kh2 Qb6 36. Nd6 Ba8 37. Nf7+ Kg8 38. g6 Nf5 39. Nh6+ Kg7 40. Nxf5+ exf5 41. e6+
Qxb2 42. Rxb2 Rxb2+ 43. Be2 hxg6 44. Kh3 Kf6 45. d4 Bd6 46. d5 Rb8 47. Qg5+ Ke5
48. Qe3+ Kf6 49. e7 Be5 50. Qg5+ Kg7 51. h5 Rb3+ 52. Kg2 1-0

[Event "European Rapid 2022"]
[Site "Katowice POL"]
[Date "2022.12.18"]
[Round "9.84"]
[White "Charkhalashvili, Inga"]
[Black "Dors, Ryszard"]
[Result "0-1"]
[WhiteTitle "WGM"]
[WhiteElo "2273"]
[BlackElo "2142"]
[WhiteFideId "13601431"]
[BlackFideId "1104217"]
[EventDate "2022.12.17"]

1. d4 Nf6 2. c4 c5 3. e3 g6 4. Nf3 Bg7 5. Be2 O-O 6. O-O cxd4 7. exd4 d5 8. Nc3
Nc6 9. Bg5 Ne4 10. cxd5 Nxg5 11. dxc6 Nxf3+ 12. Bxf3 bxc6 13. Bxc6 Rb8 14. Qe2
Qxd4 15. Rad1 Qb6 16. Nd5 Qxb2 17. Nxe7+ Kh8 18. Rd2 Qb6 19. Nxc8 Qxc6 20. Nd6
Kg8 21. Rfd1 Qc3 22. h3 Bh6 23. Rc2 Qa5 24. Ne4 Qe5 25. Rc5 Qe7 26. Qf3 Bg7 27.
Rcd5 Rfe8 28. Nd6 Red8 29. Qd3 Rf8 30. Nc4 Qf6 31. Rd7 Qa6 32. Ne5 Qxa2 33. Nc6
Ra8 34. Rd2 Qa1+ 35. Kh2 a5 36. Qc4 a4 37. Ra2 Qe1 38. Re7 Qd1 39. Ree2 Qd6+ 40.
f4 a3 41. Red2 Qe6 42. Qc5 Bb2 43. Raxb2 axb2 44. Rxb2 Qf6 45. Rf2 Rfe8 46. Ne5
Rac8 47. Qa7 Re7 48. Qd4 Rec7 49. Qd3 Rd8 50. Qb3 Qe6 51. Qb4 Qd5 52. Ng4 Qd4
53. Qe1 Kg7 54. Ne5 f6 55. Ng4 h5 56. Ne3 Qe4 57. Qa5 Rdd7 58. Rf3 Ra7 59. Qb5
Rd2 60. Nf1 Qxf3 0-1

[Event "European Rapid 2022"]
[Site "Katowice POL"]
[Date "2022.12.18"]
[Round "9.85"]
[White "Kolodziejski, Piotr"]
[Black "Mitusov, Semen"]
[Result "1/2-1/2"]
[BlackTitle "IM"]
[WhiteElo "2091"]
[BlackElo "2397"]
[WhiteFideId "21840962"]
[BlackFideId "14151049"]
[EventDate "2022.12.17"]

1. e4 e5 2. Nf3 Nc6 3. Bb5 a6 4. Bxc6 dxc6 5. O-O f6 6. d4 exd4 7. Nxd4 c5 8.
Ne2 Qxd1 9. Rxd1 Bd7 10. Nbc3 O-O-O 11. Bf4 Be6 12. Rxd8+ Kxd8 13. Rd1+ Kc8 14.
Nd5 Bxd5 15. Rxd5 b6 16. Nc3 g6 17. Rd1 Ne7 18. Nd5 Nxd5 19. Rxd5 c4 20. Rd4 b5
21. Kf1 Bg7 22. Rd5 Re8 23. f3 Bf8 24. a4 c6 25. Rd1 Bc5 26. axb5 cxb5 27. Rd5
Be7 28. Bd6 Bd8 29. Ke2 Re6 30. Ke3 Bb6+ 31. Bc5 Bc7 32. h4 Bg3 33. h5 Kc7 34.
Bd4 Bd6 35. b3 cxb3 36. cxb3 Kc6 37. Bc3 Bc5+ 38. Kd3 Bb6 39. g4 Bc7 40. hxg6
hxg6 41. Bd4 Be5 42. g5 Bxd4 43. Kxd4 a5 44. f4 fxg5 45. Rc5+ Kb6 46. Rxg5 a4
47. bxa4 bxa4 48. f5 gxf5 49. exf5 Re1 50. Kc4 Re4+ 51. Kc3 Rf4 52. f6 Rxf6 53.
Kb4 Rf4+ 54. Ka3 Rc4 55. Rh5 1/2-1/2

[Event "European Rapid 2022"]
[Site "Katowice POL"]
[Date "2022.12.18"]
[Round "9.86"]
[White "Delgerdalai, Bayarjavkhlan"]
[Black "Novotny, Michal"]
[Result "0-1"]
[BlackTitle "FM"]
[WhiteElo "2100"]
[BlackElo "2250"]
[WhiteFideId "23727276"]
[BlackFideId "310980"]
[EventDate "2022.12.17"]

1. e4 e6 2. d4 d5 3. Nc3 Bb4 4. e5 c5 5. a3 Ba5 6. b4 cxd4 7. Qg4 Kf8 8. Nb5 Bb6
9. Nf3 Bd7 10. Bb2 Bxb5 11. Bxb5 Nc6 12. Bxc6 bxc6 13. Bxd4 Nh6 14. Qf4 Nf5 15.
c3 h6 16. O-O g5 17. Qd2 Qe7 18. a4 Kg7 19. Bxb6 axb6 20. Nd4 Nxd4 21. cxd4 c5
22. bxc5 bxc5 23. dxc5 Qxc5 24. Rfc1 Qa5 25. Qe3 Rhc8 26. h4 Rxc1+ 27. Qxc1 gxh4
28. Qf4 Qd8 29. a5 Qg5 30. Qd4 h3 31. g3 Qf5 32. Kh2 h5 33. a6 Rxa6 34. Rg1 Ra2
35. Rf1 Qg4 36. Qd3 h4 37. Qe3 Re2 38. Qd3 hxg3+ 39. Qxg3 Qxg3+ 40. Kxg3 Rxe5
41. Kxh3 Rg5 42. Rd1 Kf6 43. Rd3 Rg7 44. Rf3+ Ke5 45. Re3+ Kd4 46. Ra3 e5 47.
Ra4+ Kd3 48. Ra5 Ke4 49. Ra4+ d4 50. Ra6 f5 51. Rb6 Kf3 0-1

[Event "European Rapid 2022"]
[Site "Katowice POL"]
[Date "2022.12.18"]
[Round "9.87"]
[White "Bergsson, Stefan"]
[Black "Jablonicky, Martin"]
[Result "1-0"]
[BlackTitle "FM"]
[WhiteElo "2172"]
[BlackElo "2388"]
[WhiteFideId "2301393"]
[BlackFideId "14925621"]
[EventDate "2022.12.17"]

1. d4 Nf6 2. Nf3 g6 3. Bg5 Bg7 4. Nbd2 d5 5. e3 O-O 6. Bd3 c5 7. c3 Qb6 8. Qc2
Nc6 9. h4 c4 10. Be2 Bf5 11. Qc1 h5 12. Ne5 Nxe5 13. dxe5 Ne4 14. Bxe7 Rfe8 15.
Ba3 Bxe5 16. Nf3 Nxf2 17. Kxf2 Bf4 18. Nd4 Bxe3+ 19. Qxe3 Rxe3 20. Kxe3 Re8+ 21.
Kd2 Qc7 22. Raf1 Qg3 23. Nxf5 gxf5 24. Bc5 f4 25. Bf3 Qg6 26. Re1 Re4 27. Re2
Qc6 28. Bd4 f5 29. Rhe1 b5 30. Bxe4 dxe4 31. Rf1 e3+ 32. Kc1 Qe4 33. Rfe1 b4 34.
g3 b3 35. axb3 cxb3 36. gxf4 a5 37. Rg1+ Kf7 38. Reg2 e2 39. Rg7+ Ke6 40. R1g6+
Kd5 41. Rd7+ Kc4 42. Rc7+ Kb5 43. Rb6+ 1-0

[Event "European Rapid 2022"]
[Site "Katowice POL"]
[Date "2022.12.18"]
[Round "9.88"]
[White "Wilk, Igor"]
[Black "Asllani, Muhamet"]
[Result "0-1"]
[WhiteElo "2030"]
[BlackElo "2228"]
[WhiteFideId "21831580"]
[BlackFideId "22100300"]
[EventDate "2022.12.17"]

1. e4 e5 2. Nf3 Nc6 3. Bc4 Nf6 4. d3 Bc5 5. c3 d6 6. O-O Bg4 7. Nbd2 O-O 8. h3
Bh5 9. a4 a5 10. Re1 Re8 11. Nf1 h6 12. Ng3 Bg6 13. Bb3 d5 14. Bc2 dxe4 15. dxe4
Qe7 16. Nh4 Rad8 17. Qf3 Qe6 18. Nhf5 Ne7 19. Nxe7+ Rxe7 20. Bb1 Red7 21. Ba2
Qb6 22. Bc4 Kh7 23. b3 Qd6 24. h4 h5 25. Bg5 Ng4 26. Bxd8 Bxf2+ 27. Kh1 Bxe1 28.
Rxe1 Rxd8 29. Bxf7 Rf8 30. Bxg6+ Kxg6 31. Nf5 Qd8 32. Kg1 c6 33. Rd1 Qb6+ 34.
Kh1 Qxb3 35. Kg1 Kh7 36. Qe2 Qb6+ 37. Kh1 Qb3 38. Kg1 Rf7 39. Qd3 Qb6+ 40. Kf1
Qf2# 0-1

[Event "European Rapid 2022"]
[Site "Katowice POL"]
[Date "2022.12.18"]
[Round "9.89"]
[White "Shpanko, Nadiia"]
[Black "Ternault, Mathieu"]
[Result "1-0"]
[WhiteTitle "WIM"]
[BlackTitle "FM"]
[WhiteElo "2164"]
[BlackElo "2351"]
[WhiteFideId "14132400"]
[BlackFideId "20641532"]
[EventDate "2022.12.17"]

1. d4 Nc6 2. d5 Ne5 3. f4 Ng6 4. e4 e6 5. dxe6 fxe6 6. h4 d5 7. h5 N6e7 8. Nc3
c5 9. Nf3 d4 10. Ne2 Nc6 11. Ng3 Nf6 12. Bc4 b5 13. Be2 Rb8 14. a4 a6 15. axb5
axb5 16. b3 Qb6 17. Ng5 c4 18. bxc4 bxc4 19. Kf1 d3 20. cxd3 c3 21. Qa4 Bd7 22.
Qc4 Qc5 23. e5 Nd5 24. N3e4 Ne3+ 25. Bxe3 Qxe3 26. Nxe6 Rc8 27. Rh3 Qb6 28. Nxf8
Rxf8 29. Nd6+ Kd8 30. Nxc8 Qb2 31. Re1 Bxh3 32. gxh3 Qd2 33. Qd5+ Kc7 34. Qd6+
Kxc8 35. Qxf8+ Kc7 36. Qd6+ Kb6 37. Rb1+ Qb2 38. Re1 c2 39. Bf3 c1=Q 40. Rxc1
Qxc1+ 41. Kg2 Qd2+ 42. Kg3 Qe1+ 43. Kg4 Qg1+ 44. Kf5 g6+ 45. Kf6 gxh5 46. Qxc6+
Ka5 47. Qc3+ Kb5 48. Qc4+ Ka5 49. Qd5+ Kb4 50. Be4 Qg3 51. Qc4+ Ka3 52. Bf5 Qh4+
53. Kf7 Qf2 54. e6 Qa7+ 55. e7 h6 56. Qc3+ Ka2 57. Be6+ Kb1 58. Qb4+ Ka1 59. Qd6
h4 60. Kf8 h5 61. e8=Q Qb8 62. Qe5+ 1-0

[Event "European Rapid 2022"]
[Site "Katowice POL"]
[Date "2022.12.18"]
[Round "9.91"]
[White "Cukrowski, Filip"]
[Black "Krzywda, Andrzej"]
[Result "1-0"]
[WhiteTitle "FM"]
[BlackTitle "CM"]
[WhiteElo "2402"]
[BlackElo "2262"]
[WhiteFideId "1171097"]
[BlackFideId "1114565"]
[EventDate "2022.12.17"]

1. d4 Nf6 2. c4 c5 3. Nf3 cxd4 4. Nxd4 e6 5. Nc3 Bb4 6. Qb3 Be7 7. g3 Nc6 8. Be3
Ng4 9. Nxc6 bxc6 10. Bd2 Qb6 11. Qxb6 axb6 12. Bg2 O-O 13. e4 Bc5 14. O-O Ba6
15. b3 b5 16. h3 Ne5 17. cxb5 cxb5 18. Rfd1 Rfc8 19. Bf4 d6 20. Bf1 Bd4 21. Nxb5
Bxb5 22. Bxb5 Bxa1 23. Rxa1 Rc5 24. Bf1 Rc2 25. Bxe5 dxe5 26. a4 Rb2 27. Bc4 Kf8
28. a5 Ke7 29. a6 Kd6 30. Rd1+ Kc7 31. Rc1 Kb6 32. Rd1 Ra7 33. Rd8 h5 34. h4 g6
35. Kg2 Rc7 36. Kf3 Ka7 37. Ke3 Rc2 38. Kf3 Rc3+ 39. Ke2 Rc2+ 40. Ke3 Kb6 41.
Rd6+ Kc5 42. Rd8 Kb6 43. Rd6+ Ka7 44. Rd8 Rc1 45. Ke2 Ra1 46. Rd6 Ra3 47. Rd8
Ra5 48. Rd6 Rac5 49. Rd8 R5c6 50. Ke3 Rb6 51. Kd3 Rb8 52. Rd6 Rg8 53. Ke3 g5 54.
hxg5 Rxg5 55. Bd3 h4 56. gxh4 Rh5 57. b4 Rh8 58. b5 Rb8 59. h5 Rb6 60. Rd8 f5
61. Rh8 Rd7 62. h6 Rbd6 63. Be2 f4+ 64. Kf3 Rd8 65. Rxd8 Rxd8 66. Kg4 Kb6 67.
Kg5 f3 68. Bxf3 Kxb5 69. Bg4 Kxa6 70. Bxe6 Kb6 71. h7 Rh8 72. Bg8 Kc5 73. Kf6
Kd4 74. Kg7 1-0

[Event "European Rapid 2022"]
[Site "Katowice POL"]
[Date "2022.12.18"]
[Round "9.92"]
[White "Jarocka, Liwia"]
[Black "Wyss, Jonas"]
[Result "0-1"]
[WhiteTitle "FM"]
[BlackTitle "FM"]
[WhiteElo "2143"]
[BlackElo "2222"]
[WhiteFideId "21807558"]
[BlackFideId "1311387"]
[EventDate "2022.12.17"]

1. e4 e6 2. d4 d5 3. Nd2 Nf6 4. e5 Nfd7 5. Bd3 c5 6. c3 Nc6 7. Ne2 cxd4 8. cxd4
f6 9. exf6 Nxf6 10. O-O Bd6 11. Nf3 Qc7 12. Bg5 O-O 13. Bh4 Nh5 14. Qc2 h6 15.
Bh7+ Kh8 16. Bg6 Rxf3 17. Bxh5 Rf8 18. Bg3 Bd7 19. Rac1 Be8 20. Bxe8 Raxe8 21.
Rfd1 Rf7 22. b4 a6 23. a4 Qd7 24. b5 axb5 25. axb5 Na5 26. Rd3 Ref8 27. Bxd6
Qxd6 28. f4 Nc4 29. Rf3 Qb6 30. Kh1 Qxb5 31. Rcf1 Qb2 32. Qxb2 Nxb2 33. Rb3 Nc4
34. Re1 Ra8 35. g3 Nd2 36. Rb2 Ne4 37. Nc1 Ra4 38. Rd1 Rc7 39. Nb3 Rb4 40. Rd3
Rc3 41. Rxc3 Nxc3 42. Kg2 Nb5 43. Rb1 Nxd4 44. Nd2 Rxb1 45. Nxb1 Kg8 46. Kf2 Kf7
47. Ke3 Nb5 48. Nd2 Ke7 49. Kd3 Kd6 50. Nf3 Na7 51. g4 Nc6 52. g5 e5 53. Nh4
hxg5 54. fxg5 e4+ 55. Ke2 Ke5 56. Ng2 d4 57. h4 Kf5 58. Kd2 Kg4 59. Ke2 Ne5 60.
Kf2 Nf3 0-1

[Event "European Rapid 2022"]
[Site "Katowice POL"]
[Date "2022.12.18"]
[Round "9.93"]
[White "Vega Gutierrez, Sabrina"]
[Black "Nazarova, Anastasia"]
[Result "1-0"]
[WhiteTitle "IM"]
[BlackTitle "WFM"]
[WhiteElo "2361"]
[BlackElo "2196"]
[WhiteFideId "2219026"]
[BlackFideId "34101737"]
[EventDate "2022.12.17"]

1. e4 e5 2. Nf3 Nc6 3. Nc3 Nf6 4. g3 d5 5. exd5 Nxd5 6. Bg2 Be6 7. O-O Nxc3 8.
bxc3 Bc5 9. Qe2 Qf6 10. Qb5 Bd6 11. Qxb7 Kd7 12. Ng5 Qxg5 13. Qxc6+ Ke7 14. d4
Qh5 15. dxe5 Qxe5 16. Bf4 Qa5 17. Bxd6+ cxd6 18. Rab1 Rab8 19. Rfd1 Qc5 20. Rb7+
Rxb7 21. Qxb7+ Kf6 22. Qf3+ Ke7 23. Rb1 Rc8 24. Qe4 h6 25. Bh3 1-0